HOTEL ACOMMODATION : OPRATION & MANAGEMENT (Record no. 8095)

MARC details
000 -LEADER
fixed length control field 00360nam a22001457a 4500
020 ## - INTERNATIONAL STANDARD BOOK NUMBER
International Standard Book Number 81-8204-045-0
082 ## - DEWEY DECIMAL CLASSIFICATION NUMBER
Classification number 651.3
Item number SRI
100 ## - MAIN ENTRY--PERSONAL NAME
Personal name SRIVASTAV, V.K
245 ## - TITLE STATEMENT
Title HOTEL ACOMMODATION : OPRATION & MANAGEMENT
260 ## - PUBLICATION, DISTRIBUTION, ETC. (IMPRINT)
Place of publication, distribution, etc DELHI
Name of publisher, distributor, etc AMAN
Year of Publication 2008
300 ## - PAGE DESCRIPTION
No. of Pages 298
650 ## - SUBJECT ADDED ENTRY--TOPICAL TERM
Topical term or geographic name as entry element HOTEL AND OPRATION MANAGEMENT
653 ## - KEYWORDS--INDEX TERM
Keyword term OPRATION MANAGEMENT
942 ## - ADDED ENTRY ELEMENTS (KOHA)
Source of classification or shelving scheme Dewey Decimal Classification
Koha item type Books
Holdings
Withdrawn status Lost status Source of classification or shelving scheme Damaged status Not for loan Collection code Home library Current library Shelving location Date acquired Vendor Name Cost, normal purchase price SGTU Bill Number Total Checkouts Full call number Accession No. (Barcode) Date last seen Bill Date Koha item type Date last borrowed
    Dewey Decimal Classification     HOTEL MANAGEMENT SGT Science & Social Sciences Library SGT Science & Social Sciences Library Text Book 12/10/2015 JINDAL BOOK SERVICE 900.00 SGTU 1775   651.3 SRI HM578 12/10/2015 07/09/2015 Books  
    Dewey Decimal Classification     HOTEL MANAGEMENT SGT Science & Social Sciences Library SGT Science & Social Sciences Library Text Book 12/10/2015 JINDAL BOOK SERVICE 900.00 SGTU 1775 2 651.3 SRI HM579 28/03/2017 07/09/2015 Books 28/03/2017